Вольтамперометрическое определение карбарила на углеросодержащем электроде; Электрохимия органических соединений (ЭХОС-2018)

التفاصيل البيبلوغرافية
Parent link:Электрохимия органических соединений (ЭХОС-2018).— 2018.— [С. 59-60]
المؤلف الرئيسي: Гашевская А. С. Анна Сергеевна
مؤلف مشترك: Национальный исследовательский Томский политехнический университет Инженерная школа природных ресурсов Отделение химической инженерии
مؤلفون آخرون: Дорожко Е. В. Елена Владимировна
الملخص:Заглавие с экрана
اللغة:الروسية
منشور في: 2018
الموضوعات:
الوصول للمادة أونلاين:http://docs.wixstatic.com/ugd/be158e_e200e22de5bf4804a3628b34df264b15.pdf#page=59
التنسيق: الكتروني فصل الكتاب
KOHA link:https://koha.lib.tpu.ru/cgi-bin/koha/opac-detail.pl?biblionumber=658667

MARC

LEADER 00000naa0a2200000 4500
001 658667
005 20250826095404.0
035 |a (RuTPU)RU\TPU\network\26624 
035 |a RU\TPU\network\26623 
090 |a 658667 
100 |a 20181030d2018 k y0rusy50 ca 
101 0 |a rus 
102 |a RU 
135 |a drcn ---uucaa 
181 0 |a i  
182 0 |a b 
200 1 |a Вольтамперометрическое определение карбарила на углеросодержащем электроде  |f А. С. Гашевская, Е. В. Дорожко 
203 |a Текст  |c электронный 
300 |a Заглавие с экрана 
463 |t Электрохимия органических соединений (ЭХОС-2018)  |o тезисы докладов XIX Всероссийского совещания с международным участием, Новочеркасск, 3-6 Октября 2018  |v [С. 59-60]  |d 2018 
610 1 |a электронный ресурс 
610 1 |a труды учёных ТПУ 
610 1 |a вольтамперометрическое определение 
610 1 |a карбарил 
610 1 |a углеродсодержащие электроды 
700 1 |a Гашевская  |b А. С.  |c химик  |c инженер Томского политехнического университета  |f 1991-  |g Анна Сергеевна  |3 (RuTPU)RU\TPU\pers\34649 
701 1 |a Дорожко  |b Е. В.  |c химик  |c инженер Томского политехнического университета  |f 1979-  |g Елена Владимировна  |3 (RuTPU)RU\TPU\pers\27108  |9 12658 
712 0 2 |a Национальный исследовательский Томский политехнический университет  |b Инженерная школа природных ресурсов  |b Отделение химической инженерии  |3 (RuTPU)RU\TPU\col\23513 
801 0 |a RU  |b 63413507  |c 20181030  |g RCR 
856 4 |u http://docs.wixstatic.com/ugd/be158e_e200e22de5bf4804a3628b34df264b15.pdf#page=59 
942 |c CF